00275nam a2200109Ia 4500008004100000100001100041245004100052250000800093260003800101300000800139650001800147191201s2005 xx 000 0 und d aROHANS 2aA Text Book of Synonyms and Antonyms a1st aN.DelhibRohan Book Companyc2005 a524 aGeneral Books